| 000 | 00585cam a2200205 4500 | ||
|---|---|---|---|
| 001 | D15404 | ||
| 008 | 090401t1976 xxu||||| |||| 00| 0 eng d | ||
| 035 | _a(Sirsi) u22543 | ||
| 041 | _aeng | ||
| 050 | _a634.9 | ||
| 110 |
_aRoyal Institution of Chartered Surveyors _94900 |
||
| 245 | _aForestry resources and the national interest: a discussion paper, [issued] March 1976 | ||
| 260 |
_bRICS _c1976 |
||
| 300 | _aii. 17p | ||
| 350 | _a0 | ||
| 520 | _aFiled in Archives box 1976/14 A | ||
| 710 |
_aLand Agency and Agriculture Division _9773 |
||
| 942 | _n0 | ||
| 948 | _c04/03/1997 | ||
| 999 |
_c88204 _d88204 |
||